000 00697nam a2200289Ia 4500
005 20260324125324.0
008 008 260324s9999 xx 000 0 eng d
020 _a9781315553412
037 _aEBOOK
040 _aCRL
040 _beng
040 _cCRL
041 _2eng
041 _aeng
084 _qCRL
100 _aDerek J. Oddy; Peter J. Atkins
_91177545
245 4 _aThe Rise of Obesity in Europe
245 2 _bA Twentieth Century Food History
260 _bTaylor and Francis
260 _c2009
365 _a
365 _b240
856 _uhttp://www.taylorfrancis.com/books/9781315553412
942 _cEBOOK
999 _c1772683
_d1772683